Employment rights: A Refrence Handbook / (Record no. 5643)
[ view plain ]
| 000 -LEADER | |
|---|---|
| fixed length control field | 00925nac a22002531u 4500 |
| 010 ## - LIBRARY OF CONGRESS CONTROL NUMBER | |
| LC control number | 2005278081 |
| 020 ## - INTERNATIONAL STANDARD BOOK NUMBER | |
| International Standard Book Number | 074530589x(cased) |
| 020 ## - INTERNATIONAL STANDARD BOOK NUMBER | |
| International Standard Book Number | 0745321240 (pbk.) |
| 035 ## - SYSTEM CONTROL NUMBER | |
| System control number | (OCoLC)ocm57007670 |
| 082 04 - DEWEY DECIMAL CLASSIFICATION NUMBER | |
| Classification number | 344.4101 |
| Item number | PAI |
| 090 ## - LOCALLY ASSIGNED LC-TYPE CALL NUMBER (OCLC); LOCAL CALL NUMBER (OCLC) | |
| -- | 5643 |
| -- | 5643 |
| 100 ## - MAIN ENTRY--PERSONAL NAME | |
| Personal name | Painter, Richard W., |
| 245 10 - TITLE STATEMENT | |
| Title | Employment rights: A Refrence Handbook / |
| Statement of responsibility, etc | Richard W. Paint & Keith Puttick. |
| 250 ## - EDITION STATEMENT | |
| Edition statement | 3rd ed. / |
| Remainder of edition statement | Richard W. Painter and Keith Puttick with Ann Holmes. |
| 260 ## - PUBLICATION, DISTRIBUTION, ETC. (IMPRINT) | |
| Place of publication, distribution, etc | London ; |
| -- | Ann Arbor, MI : |
| Name of publisher, distributor, etc | Pluto Press,c.1993. |
| Date of publication, distribution, etc | c.1993. |
| 300 ## - PHYSICAL DESCRIPTION | |
| Extent | lviii, 561 p. : |
| Other physical details | ill., forms ; |
| Dimensions | 23 cm. |
| 500 ## - GENERAL NOTE | |
| General note | First Published 1988. |
| 500 ## - GENERAL NOTE | |
| General note | Distributer : Al-Ahram. |
| 504 ## - BIBLIOGRAPHY, ETC. NOTE | |
| Bibliography, etc | Includes bibliographical references and index. |
| 511 ## - PARTICIPANT OR PERFORMER NOTE | |
| Participant or performer note | Catalogued By : Mahitab. |
| 650 #0 - SUBJECT ADDED ENTRY--TOPICAL TERM | |
| Topical term or geographic name as entry element | Labor laws and legislation |
| Geographic subdivision | Great Britain. |
| 700 1# - ADDED ENTRY--PERSONAL NAME | |
| Personal name | Puttick, Keith. |
| 942 ## - ADDED ENTRY ELEMENTS (KOHA) | |
| Item type | Book - Borrowing |
| Call number prefix | 344.4101PAI |
| Withdrawn status | Item status | Damaged status | Not for loan | Home library | Current library | Shelving location | Date acquired | Source of acquisition | Total Checkouts | Total Renewals | Full call number | Barcode | Checked out | Date last seen | Date last borrowed | Koha item type |
|---|---|---|---|---|---|---|---|---|---|---|---|---|---|---|---|---|
| Central Library | Central Library | First floor | 01/11/2007 | Purchase | 3 | 6 | 344.4101PAI | 000007038 | 21/02/2026 | 22/01/2026 | 22/01/2026 | Book - Borrowing |